Constitutions of the Communist Party-States. (Record no. 271)

MARC details
005 - DATE AND TIME OF LATEST TRANSACTION
control field 20250620130403.0
082 ## - DEWEY DECIMAL CLASSIFICATION NUMBER
Classification number LM 342.02 TRI
245 ## - TITLE STATEMENT
Title Constitutions of the Communist Party-States.
260 ## - PUBLICATION, DISTRIBUTION, ETC.
Place of publication, distribution, etc. Hong Kong,
Name of publisher, distributor, etc. Leland Stanford Junior University,
Date of publication, distribution, etc. 1968.
300 ## - PHYSICAL DESCRIPTION
Extent xiii, 541p.:
Dimensions 28cm.
700 ## - ADDED ENTRY--PERSONAL NAME
Other authors/Editors TRISKA, J. F.
942 ## - ADDED ENTRY ELEMENTS (KOHA)
Source of classification or shelving scheme Dewey Decimal Classification
Koha item type Books
Holdings
Date last seen Total checkouts Full call number Barcode Cost, replacement price Price effective from Koha item type Lost status Source of classification or shelving scheme Damaged status Not for loan Withdrawn status Home library Current library Shelving location Date acquired Cost, normal purchase price
03/10/2025   LM 342.02 TRI 000000822 60000.00 03/10/2025 Books   Dewey Decimal Classification       College of Business Education Main Library College of Business Education Main Library General Collection 03/10/2025 20000.00
03/10/2025   LM 342.02 TRI 000000823 60000.00 03/10/2025 Books   Dewey Decimal Classification       College of Business Education Main Library College of Business Education Main Library General Collection 03/10/2025 20000.00
03/10/2025   LM 342.02 TRI 000000824 60000.00 03/10/2025 Books   Dewey Decimal Classification       College of Business Education Main Library College of Business Education Main Library General Collection 03/10/2025 20000.00